Sports Quiz

Random Sports or Basketball Quiz
Score 0/25 Timer 10:00
0 Plays Today
School Facility % Correct
DukeCameron Indoor Stadium
80.8%
KentuckyRupp Arena
76.6%
SyracuseCarrier Dome
74%
North CarolinaDean E. Smith Center
70.2%
KansasAllen Fieldhouse
63%
St. John'sMadison Square Garden
60%
UCLAPauley Pavillion
55.1%
New MexicoUniversity Arena
54.3%
IndianaAssembly Hall
50.9%
IllinoisAssembly Hall
50.9%
LouisvilleFreedom Hall
42.3%
MemphisFedEx Forum
40.4%
PennThe Palestra
40%
School Facility % Correct
WisconsinKohl Center
39.2%
ButlerHinkle Fieldhouse
36.2%
MinnesotaWilliams Arena
33.2%
RutgersThe RAC
31.3%
Oklahoma StateGallagher-Iba Arena
30.6%
Michigan StateBreslin Center
29.8%
Iowa StateHilton Coliseum
20.4%
OregonMcArthur Court
17.4%
VanderbiltMemorial Gymnasium
17.4%
ArizonaMcKale Center
16.6%
FloridaO'Connell Center
15.8%
ArkansasBud Walton Arena
15.8%

You're not logged in!

Compare scores with friends on all Sporcle quizzes.
OR
Log In

Sporcle TV

Today on Sporcle TV


Watch our educational content, quiz creation guides, and fun videos on Sporcle TV.

Show Comments

Extras

Top Quizzes Today


Score Distribution

Paid Content

Your Account Isn't Verified!

In order to create a playlist on Sporcle, you need to verify the email address you used during registration. Go to your Sporcle Settings to finish the process.

Report this User

Report this user for behavior that violates our Community Guidelines.

Details: